| 000 | 00552cam a2200193 a 4500 | ||
|---|---|---|---|
| 020 | _a0140444475 (pbk.) : | ||
| 040 | _cDLC | ||
| 082 | 0 | 0 | _a184 PEN 1987 A001 Or. |
| 100 | 0 | _aPlato. | |
| 245 | 1 | 0 | _aEarly Socratic dialogues / |
| 260 |
_aHarmondsworth, Middlesex, England ; _aNew York, N.Y., U.S.A. : _bPenguin Books, _c1987. |
||
| 300 |
_a395 p. ; _c20 cm. |
||
| 500 | _aWorks translated from the Greek. | ||
| 500 | _a"A Penguin original." | ||
| 500 | _aIncludes index. | ||
| 650 | 0 | _aPhilosophy. | |
| 700 | 1 | _aSaunders, Trevor J., | |
| 942 | _cEK | ||
| 999 |
_c14288 _d14288 |
||